000 00985aab a2200217 i 4500
001 768714001
003 CO-MdFUSB
005 20250722113819.0
008 240418t1986 ag ||||| |||| 00| 0 spa d
040 _bspa
_cCO-MdFUSB
041 _aspa
100 1 _aPadilla, C. René
_eautor
245 _aFamilia :
_bamor y matrimonio
_c/ C. René Padilla
300 _aVolumen 5, número 3 y 4, (diciembre, 1986), página: 137
_c; 27 cm
520 _aLa infancia marca el comienzo de la preparación para el matrimonio, ya que el amor es fundamental para el matrimonio y nuestra escuela de amor inicial es el hogar. No es sólo una sensación y estará presente en los años venideros. El amor está en todos los aspectos de la vida.
650 7 _aMatrimonio
_xAspectos religiosos
_bCristianismo
_9291
650 0 _aFamilias
_9292
773 0 _tIglesia y Misión
_049402
_959679
_gVolumen 5, número 3 y 4, (diciembre, 1986), página: 137
_qpágina: 137
942 _cANA
945 _aJTF-925
999 _c51675
_d51675